Poznámky k novej právnej úprave konania vo veciach obchodného registra

Nová právna úprava konania vo veciach obchodného registra, ktorá znamená zásadnú zmenu v postupe registrovaných súdov, ale aj účastníkov konania. Procesné aspekty tejto právnej úpravy a väzby na občianske súdne konanie. Druhy konaní na registrovom súde. Definícia registrácie podľa zákona o obchodno...

Descrizione completa

Salvato in:
Dettagli Bibliografici
Autore principale: Ďurica, Milan
Natura: Capitolo di libro
Lingua:slovacco
Soggetti:
Tags: Aggiungi Tag
Nessun Tag, puoi essere il primo ad aggiungerne!!

MARC

LEADER 00000naa$a2200000$$$4500
001 0022877
005 20231102091402.7
041 0 |a slo 
044 |a SK 
245 1 0 |a Poznámky k novej právnej úprave konania vo veciach obchodného registra  |c Milan Ďurica 
520 |a Nová právna úprava konania vo veciach obchodného registra, ktorá znamená zásadnú zmenu v postupe registrovaných súdov, ale aj účastníkov konania. Procesné aspekty tejto právnej úpravy a väzby na občianske súdne konanie. Druhy konaní na registrovom súde. Definícia registrácie podľa zákona o obchodnom registri. Konanie vo veciach obchodného registra podľa Občianskeho súdneho poriadku. 
610 2 0 |a konanie súdne občianske 
610 2 0 |a register obchodný 
610 2 0 |a súdy registrové 
610 2 0 |a poriadok súdny občiansky 
610 2 0 |a predpisy právne 
610 2 0 |a Slovensko 
100 1 |a Ďurica, Milan